00493naa a2200145 a 450000100080000000500110000800800410001910000230006024500500008326000090013350000190014252000900016165300170025177300790026810814412013-03-18 1989 bl uuuu u00u1 u #d1 aAMARAL J??NIOR, H. aAlternativa de renda para o planalto serrano. c1989 aISSN, 01030779 aCOMENT??RIOS SOBRE A SITUA????O DA PISCICULTURA NO PLANALTO SERRANO DE SANTA CATARINA aPiscicultura tAgropecu??ria Catarinense, Florian??polis, SCgv. 2, n. 1, p. 60-60, 1989.